00974 a2200193 45000010006000000050017000060080041000230030015000640400040000790800124001192450060002430200022003032640033003253000019003585050219003770410008005961000028006048560148006323017420260407155613.0260407a2005 arg spa dAR-UNSa-BCEJYS aAR-UNSa-BCEJYSbspacAR-UNSa-BCEJYS a330.101xCiencia económica en general. La economía y sus problemas. Objeto y métodos de la economía política 10aLa economía política de la Argentina en el siglo XX a978-950-9009-48-6 1aBuenos Aires :bEdhasac2005 a353 p.c22 cm. a1. El período de rápida expansión: 1880-1914 - 2. De la Primera a la Segunda Guerra Mundial - 3. La economía politica del peronismo - 4. Una sociedad conflictiva 1955-1973 - 5. La gran depresión 1974-1989 aspa1 aCortés Conde, Roberto41uhttps://biblioeco.unsa.edu.ar/pmb/images/libros/La Economia Politica de la Argentina en el Siglo XXI-l116808.jpgyImagen de portadaqimage/jpeg